|
|
|
|
| LEADER |
00845nam a2200217 i 4500 |
| 001 |
c000031281 |
| 003 |
CARM |
| 005 |
00000000000000.0 |
| 008 |
840313s1969 fr eng d |
| 019 |
1 |
|
|a 9705272
|5 LACONCORD2021
|
| 035 |
|
|
|a (OCoLC)221912224
|5 LACONCORD2021
|
| 100 |
0 |
|
|a Pham-mau-Quan.
|
| 245 |
1 |
0 |
|a Introduction a la geometric des varietes deifferentiables /
|c Pref de A. Lichnerowicz.
|
| 260 |
|
|
|a Paris :
|b Dunod,
|c 1969.
|
| 300 |
|
|
|a 278 p. :
|b illus.
|
| 490 |
0 |
|
|a Monographies universitaires de mathematiques ;
|v 29
|
| 500 |
|
|
|a Includes bibliographies.
|
| 650 |
|
0 |
|a Geometry, Differential.
|
| 852 |
8 |
|
|b CARM
|h A2:AD06E0
|i C00405
|p 0026379
|f BK
|
| 999 |
f |
f |
|i eaf44ae6-b9f5-562f-83cd-6e757cb73d04
|s 7a0ca210-28c3-5633-aa0e-c99970c47e7b
|
| 952 |
f |
f |
|p Can circulate
|a CAVAL
|b CAVAL
|c CAVAL
|d CARM 1 Store
|e C00405
|f A2:AD06E0
|h Other scheme
|i book
|m 0026379
|